000 01017cac a2200337 i 4500
003 EG-GICUC
005 20260121101429.0
008 940405s1994 enk fr 001 0 eng d
020 _a1874241104
020 _a9781874241102
040 _aDGU-L
_cDGU-L
_dDLC
_dEG-GICUC
_beng
_erda
043 _ae-uk---
050 0 0 _aKD4080.Z9
_bF46 1993
082 0 0 _a341.48
_221
092 0 4 _221
099 _aLaw 08 1994
100 1 _aFenwick, Helen.
245 1 0 _aCivil liberties /
_cHelen Fenwick.
264 _aLondon :
_bCavendish Pub. Ltd.,
_c1993.
300 _axxx, 374 page ;
_c25 cm.
336 _atext
_btxt
_2rdacontent
337 _aunmediated
_bn
_2rdamedia
338 _avolume
_bnc
_2rdacarrier
490 1 _aLecture notes / Cavendish Publishing Limited
500 _aIncludes index.
650 0 _aCivil rights
_zGreat Britain.
830 0 _aLecture notes (Cavendish Publishing Limited)
856 4 0 _uhttps://fll.law.cu.edu.eg/fulltext/bks/ENGB08-00085.pdf
905 _a10
942 _2ddc
_cBK
_e21
_n0
999 _c48345
_d48345